00598nam a22001817a 4500003000900000008004100009020001800050040007100068082001900139100003100158245004500189260003400234300002500268440005400293505001100347650002600358650003200384AR-CdUCM190304b ||||| |||| 00| 0 spa d a84-02-07207-0 aMUNICIPALIDAD PROVINCIAL DEL CUSCOcBIBLIOTECA MUNICIPAL DEL CUSCO a869.634 /bG22 aGarcía Marquez, Gabriel  aEl Coronel no tiene quién le escriba / aEspaña :bBruguera ;c1980. a144 páginas c18cm aColección de Literatura Universal Bruguera n24 aNovela aLiteratura colombiana aLiteratura latinoamericana